Central Library OPAC University of Rajshahi

Chelating agents and metal chelates / (Record no. 69862)

MARC details
000 -LEADER
fixed length control field 00816nam a2200253 a 4500
001 - CONTROL NUMBER
control field 69862
003 - CONTROL NUMBER IDENTIFIER
rucl marc code BD-RjUL
005 - DATE AND TIME OF LATEST TRANSACTION
control field 20211209081932.0
008 - FIXED-LENGTH DATA ELEMENTS--GENERAL INFORMATION
fixed length control field 170413r19651964nyua b 001 0 eng d
035 ## - SYSTEM CONTROL NUMBER
System control number (BD-RjUL)70074
040 ## - CATALOGING SOURCE
Original cataloging agency DLC
Transcribing agency WSU
Modifying agency IUD
-- BD-RjUL
Language of cataloging eng
041 ## - LANGUAGE CODE
Language code of text/sound track or separate title eng
082 ## - DEWEY DECIMAL CLASSIFICATION NUMBER
Classification number 547
Edition number 23
Author mark and year CHE 1965
245 00 - TITLE STATEMENT
Title Chelating agents and metal chelates /
Statement of responsibility, etc. edited by F.P. Dwyer, D.P. Mellor.
260 ## - PUBLICATION, DISTRIBUTION, ETC. (IMPRINT)
Place of publication, distribution, etc. New York ;
-- London :
Name of publisher, distributor, etc. Academic Press,
Date of publication, distribution, etc. 1964, [Reprinted 1965]
300 ## - PHYSICAL DESCRIPTION
Pagination xv, 530 p. :
Illustrations ill. ;
Size 24 cm.
504 ## - BIBLIOGRAPHY, ETC. NOTE
Bibliography, etc Includes bibliographies and index.
650 #0 - SUBJECT ADDED ENTRY--TOPICAL TERM
Topical term or geographic name as entry element Chemistry, Organic.
9 (RLIN) 206910
651 ## - SUBJECT ADDED ENTRY--GEOGRAPHIC NAME
Geographic name Chelates.
9 (RLIN) 206911
700 1# - ADDED ENTRY--PERSONAL NAME
Personal name Dwyer, Francis P. J.,
Dates associated with a name 1910-1962.
Personal name Mellor, D. P.
Fuller form of name (David Power),
Dates associated with a name 1903-
942 ## - ADDED ENTRY ELEMENTS (KOHA)
Source of classification or shelving scheme Dewey Decimal Classification
Koha item type Books
Holdings
Lost status Source of classification or shelving scheme Damaged status Not for loan Collection code Permanent Location Current Location Shelving location Date acquired Source of acquisition Cost, normal purchase price Total Checkouts Full call number Date last seen Copy number Koha item type
  Dewey Decimal Classification   Not For Loan Non-fiction Central Library, University of Rajshahi Central Library, University of Rajshahi Reading Room 21/05/1968 Zetlinger 0.00   547 CHE 1965 13/04/2017 C-1 Books
  Dewey Decimal Classification     Non-fiction Central Library, University of Rajshahi Central Library, University of Rajshahi   09/12/2021 Zeitlinger 175.60   547 CHE 1965 14/05/2017 C-2 Books
  Dewey Decimal Classification     Non-fiction Central Library, University of Rajshahi Central Library, University of Rajshahi   09/12/2021 Zeitlinger 175.60   547 CHE 1965 14/05/2017 C-3 Books
  Dewey Decimal Classification     Non-fiction Central Library, University of Rajshahi Central Library, University of Rajshahi   22/10/1968 Zeitlinger 175.60   547 CHE 1965 14/05/2017 C-4 Books
  Dewey Decimal Classification     Non-fiction Central Library, University of Rajshahi Central Library, University of Rajshahi   22/10/1968 Zeitlinger 175.60   547 CHE 1965 14/05/2017 C-5 Books
  Dewey Decimal Classification     Non-fiction Central Library, University of Rajshahi Central Library, University of Rajshahi   22/11/1968 Zeitlinger 175.60   547 CHE 1965 14/05/2017 C-6 Books